| 000 | 00928nam a2200265Ia 4500 | ||
|---|---|---|---|
| 003 | OSt | ||
| 005 | 20221005113331.0 | ||
| 006 | a|||||r|||| 00| 0 | ||
| 007 | ta | ||
| 008 | 221004b |||||||| |||| 00| 0 pan d | ||
| 020 |
_a8173609291 _c100 |
||
| 024 | _a117443 | ||
| 037 |
_b507, 02/02/2011, H.K. Prakashan _cTextual |
||
| 040 |
_aCRL _cCRL _bpan |
||
| 041 |
_2pan _apan |
||
| 082 | _aO153,6x, P4 | ||
| 100 |
_aਵਰਮਾ, ਸਤੀ ਕੁਮਾਰ, ਥਦ। _9623680 |
||
| 245 | 0 | _aਵਾਤਾਵਰਣ ਚੇਤਨਾ | |
| 260 |
_aਪਟਿਆਲਾ _bਪਬਲੀਕੇਨ ਬਿਊਰੋ ਭਾਰਤ _c2004 |
||
| 300 |
_a86ਪੰ _ccm. |
||
| 650 | _a ਪੰਜਾਬੀ ਸਾਹਿਤ | ||
| 650 | _aਪੰਜਾਬੀ ਸਾਹਿਤ | ||
| 942 |
_hO153,6x, P4 _cTEXL _2cc |
||
| 999 |
_c1027837 _d1027837 |
||